000 00720nam a2200277Ia 4500
001 5257
005 20240113233824.0
007 ta
008 050618s1964 a g b000 u eng u
020 _cHB
040 _aCotton College,Assam
041 _aeng
082 _a597.6
_bM 784 P
100 _aMoore, John A. .
245 0 _aPhysiology of the Amphibia /
_cJohn A. Moore.
_hTextual Documents
250 _a1st ed. /
260 _aLondon :
_bAcademic Press ,
_c1964.
300 _axii, 654p. :
_bill. ;
_c24cm .
504 _aIndex
653 _aZoology-Amphibia-Physiology
653 _aAmphibia-Physiology
653 _aPG-Zoology
942 _2ddc
_cBK
999 _c5244
_d5244